Sociedad y poder local: la comunidad de Villa El Salvador 1971 - 1996

Uloženo v:
Podrobná bibliografie
Hlavní autor: Zapata Velasco, Antonio
Korporativní autor: Centro de Estudios y Promoción del Desarrollo
Médium: Text
Vydáno: Lima: DESCO
Témata:
Tagy: Přidat tag
Žádné tagy, Buďte první, kdo vytvoří štítek k tomuto záznamu!

MARC

LEADER 00000 a a2200000 04500
001 27553
003
040
020 |a 84-89312-20-6  
090 |a 185700  
100 |a Zapata Velasco, Antonio  
110 |a Centro de Estudios y Promoción del Desarrollo  
245 |a Sociedad y poder local: la comunidad de Villa El Salvador 1971 - 1996  
260 |a Lima:   |b DESCO  
300 |a 379 p   |b **no definido**   |b map.  
650 |a MODERNIZACION  
650 |a POLITICA URBANA  
650 |a URBANIZACION  
650 |a USO DE LA TIERRA  
999 |c 14179  |d 14179